[Event "XX Coppa Europa a squadre ICSC"]
[Site "Liverpool ENG"]
[Date "2011.06.10"]
[Round "3"]
[White "Deancovich, Patrizio"]
[Black "Checiak, Krzysztof"]
[Result "1/2-1/2"]
[WhiteElo "1611"]
[BlackElo "2163"]
[PlyCount "111"]
[EventDate "2011.06.09"]

1. e4 e5 2. Nf3 Nc6 3. Nc3 Nf6 4. Bb5 Bc5 5. h3 d6 6. O-O Bd7 7. d3 h6 8. Na4
Qe7 9. Nxc5 dxc5 10. b3 O-O-O 11. Bb2 Nd4 12. Nxd4 cxd4 13. a4 g5 14. f3 Nh5
15. Ba3 Qf6 16. Qd2 Nf4 17. Bc1 h5 18. Qa5 Kb8 19. Bxf4 gxf4 20. Bxd7 Rxd7 21.
c4 dxc3 22. Qxc3 Rhd8 23. Rac1 Qd6 24. Kh2 f6 25. Rfd1 Qb6 26. a5 Qd6 27. b4 a6
28. Rd2 c6 29. Rcd1 Qd4 30. Qb3 Ka8 31. Rb1 Qe3 32. Rbd1 h4 33. Qe6 Rd6 34. Qf7
Qd4 35. Re1 Qa7 36. Ree2 Qb8 37. Re1 Rf8 38. Qc4 Qd8 39. Red1 Rd4 40. Qc3 Qd6
41. Rb2 Rd8 42. Rb3 Rg8 43. Rd2 Qd7 44. Rbb2 Rg3 45. Rb3 Qg7 46. Rbb2 Rd8 47.
Qc5 Rg8 48. Qf2 Rd8 49. d4 Rc8 50. dxe5 fxe5 51. Rd6 Rg6 52. Rbd2 Rxd6 53. Rxd6
Qg5 54. Kh1 Rd8 55. Qd2 Rxd6 56. Qxd6 1/2-1/2

[Event "XX Coppa Europa a squadre ICSC"]
[Site "Liverpool ENG"]
[Date "2011.06.10"]
[Round "3"]
[White "Strzelecki, Jerzy"]
[Black "Pasquotto, Mirko"]
[Result "1/2-1/2"]
[WhiteElo "2155"]
[BlackElo "1920"]
[PlyCount "51"]
[EventDate "2011.06.09"]

1. Nf3 Nf6 2. c4 g6 3. Nc3 Bg7 4. e4 d6 5. d4 O-O 6. h3 e5 7. d5 Nbd7 8. Bg5 a5
9. Be2 Nc5 10. Nd2 Bd7 11. Qc2 Qc8 12. O-O-O h6 13. Be3 b6 14. g4 Nh7 15. Rdg1
f5 16. gxf5 gxf5 17. Bxh6 Rf7 18. Qd1 Nf6 19. Rxg7+ Rxg7 20. Bxg7 Kxg7 21. Qg1+
Kf7 22. Qg5 Qg8 23. h4 Qh7 24. exf5 Rg8 25. Qe3 Qxf5 26. f3 1/2-1/2

[Event "XX Coppa Europa a squadre ICSC"]
[Site "Liverpool ENG"]
[Date "2011.06.10"]
[Round "3"]
[White "Felluga, Bruno"]
[Black "Szalko, Maciej"]
[Result "0-1"]
[WhiteElo "1470"]
[BlackElo "1569"]
[PlyCount "56"]
[EventDate "2011.06.09"]

1. e4 c5 2. Nf3 e6 3. Nc3 Be7 4. d4 cxd4 5. Nxd4 a6 6. a3 d6 7. g3 b5 8. b4 Qc7
9. Bb2 Bb7 10. Bg2 Nd7 11. f4 Rc8 12. Qd2 Nb6 13. Ndxb5 axb5 14. Nxb5 Qxc2 15.
Bxg7 Qc4 16. Nxd6+ Bxd6 17. Qxd6 Bxe4 18. Qf8+ Kd7 19. Rd1+ Nd5 20. Qxf7+ Nge7
21. Rxd5+ Bxd5 22. Bxd5 Qc1+ 23. Kf2 Rc2+ 24. Kf3 Qxh1+ 25. Kg4 Qxd5 26. Bxh8
Rxh2 27. Bf6 h5+ 28. Qxh5 Qxh5# 0-1

[Event "XX Coppa Europa a squadre ICSC"]
[Site "Liverpool ENG"]
[Date "2011.06.10"]
[Round "4"]
[White "Slepsov, Aleksandr"]
[Black "Deancovich, Patrizio"]
[Result "1-0"]
[WhiteElo "2057"]
[BlackElo "1611"]
[PlyCount "25"]
[EventDate "2011.06.09"]

1. d4 c6 2. Nf3 d5 3. g3 Bf5 4. Bg2 Nf6 5. O-O Na6 6. c3 e6 7. Nh4 Bg6 8. Nd2
Be7 9. Nxg6 fxg6 10. e4 O-O 11. e5 Nd7 12. b4 b6 13. Qa4 1-0

[Event "XX Coppa Europa a squadre ICSC"]
[Site "Liverpool ENG"]
[Date "2011.06.10"]
[Round "4"]
[White "Hasanov, Mirmusa"]
[Black "Felluga, Bruno"]
[Result "1-0"]
[WhiteElo "1767"]
[BlackElo "1470"]
[PlyCount "43"]
[EventDate "2011.06.09"]

1. e4 c5 2. f4 d6 3. Nf3 a6 4. a4 Bd7 5. Bc4 e6 6. O-O Nf6 7. Nc3 Nxe4 8. Nxe4
d5 9. Bxd5 exd5 10. Nc3 Be6 11. d4 Be7 12. Be3 c4 13. Ne5 O-O 14. f5 Bc8 15.
Qh5 Nc6 16. Ng4 Bf6 17. Nxf6+ Qxf6 18. Nxd5 Qd6 19. f6 Be6 20. Qg5 g6 21. Qh6
Qxh2+ 22. Kxh2 1-0

[Event "XX Coppa Europa a squadre ICSC"]
[Site "Liverpool ENG"]
[Date "2011.06.11"]
[Round "5"]
[White "Gruenfeld, Yehuda"]
[Black "Deancovich, Patrizio"]
[Result "1-0"]
[WhiteElo "2484"]
[BlackElo "1611"]
[PlyCount "45"]
[EventDate "2011.06.09"]

1. e4 e5 2. Nf3 Nc6 3. Nc3 Nf6 4. Bb5 d6 5. d4 Bd7 6. O-O Be7 7. Re1 O-O 8.
Bxc6 Bxc6 9. dxe5 dxe5 10. Qxd8 Raxd8 11. Nxe5 Nxe4 12. Nxc6 bxc6 13. Rxe4 Bf6
14. Be3 a6 15. g4 h6 16. Rc4 Bg5 17. Bxg5 hxg5 18. Rxc6 Rd2 19. Ne4 Re2 20. Ng3
Rd2 21. Nf1 Re2 22. Rd1 f5 23. gxf5 1-0

[Event "XX Coppa Europa a squadre ICSC"]
[Site "Liverpool ENG"]
[Date "2011.06.11"]
[Round "6"]
[White "Jentsch, Dieter"]
[Black "Pasquotto, Mirko"]
[Result "1-0"]
[WhiteElo "2180"]
[BlackElo "1920"]
[PlyCount "75"]
[EventDate "2011.06.09"]

1. e4 c5 2. Nf3 d6 3. d4 cxd4 4. Qxd4 Nc6 5. Bb5 Bd7 6. Bxc6 Bxc6 7. Nc3 Nf6 8.
Bg5 e6 9. O-O-O Be7 10. Rhe1 Qa5 11. Kb1 O-O-O 12. Qd2 h6 13. Be3 Ng4 14. Nd5
Qxd2 15. Nxe7+ Kd7 16. Rxd2 Kxe7 17. Bxa7 Ra8 18. Bb6 Rhc8 19. Nd4 Ne5 20.
Nxc6+ Rxc6 21. Be3 Rca6 22. a3 b5 23. Rd4 Nc4 24. c3 Nxe3 25. Rxe3 Rc8 26. f3
e5 27. Rd5 Rc5 28. Red3 g6 29. Rxc5 dxc5 30. Rd5 b4 31. axb4 cxb4 32. cxb4 Ke6
33. Kc2 f5 34. b5 Ra4 35. Kb3 fxe4 36. Kxa4 Kxd5 37. fxe4+ Kxe4 38. b6 1-0

[Event "XX Coppa Europa a squadre ICSC"]
[Site "Liverpool ENG"]
[Date "2011.06.11"]
[Round "6"]
[White "Felluga, Bruno"]
[Black "Hoyer, Olaf"]
[Result "0-1"]
[WhiteElo "1470"]
[BlackElo "1908"]
[PlyCount "92"]
[EventDate "2011.06.09"]

1. e4 d5 2. exd5 Qxd5 3. Nc3 Qa5 4. d4 Nf6 5. Bd2 c6 6. Ne4 Qc7 7. Nxf6+ gxf6
8. Nf3 Bg4 9. h3 Bh5 10. Be2 Nd7 11. c4 e6 12. b4 f5 13. a3 Bg7 14. Bc3 O-O 15.
Ng5 Bxe2 16. Qxe2 Nf6 17. O-O Qf4 18. Nf3 Ne4 19. Bd2 Nxd2 20. Qxd2 Qxd2 21.
Nxd2 Bxd4 22. Rad1 Rad8 23. Nb3 Bb2 24. a4 Ba3 25. b5 Bb4 26. f4 Kg7 27. Kh2
Kf6 28. h4 Ke7 29. Kh3 h5 30. g3 Rxd1 31. Rxd1 Rd8 32. Rxd8 Kxd8 33. Kg2 cxb5
34. cxb5 Kc7 35. Kf3 Kd6 36. Ke3 Kd5 37. a5 Kc4 38. a6 b6 39. Nd2+ Bxd2+ 40.
Kxd2 Kxb5 41. Kd3 Kc5 42. Kc3 b5 43. Kb3 b4 44. Kb2 Kc4 45. Kb1 Kb3 46. Ka1 Kc2
0-1

[Event "XX Coppa Europa a squadre ICSC"]
[Site "Liverpool ENG"]
[Date "2011.06.12"]
[Round "7"]
[White "MacLeod, Alasdair"]
[Black "Deancovich, Patrizio"]
[Result "1-0"]
[WhiteElo "2010"]
[BlackElo "1611"]
[PlyCount "49"]
[EventDate "2011.06.09"]

1. e4 e5 2. Nf3 Nc6 3. Bc4 Bc5 4. b4 Bb6 5. b5 Na5 6. Nxe5 Nh6 7. d4 Nxc4 8.
Nxc4 Qf6 9. Nxb6 Qxb6 10. c4 d5 11. exd5 O-O 12. O-O Nf5 13. Be3 Bd7 14. Nc3
Rfe8 15. Re1 Qg6 16. Qf3 Nd6 17. c5 Bg4 18. Qg3 Nc4 19. h3 Bf5 20. Qxg6 Bxg6
21. Bf4 Rac8 22. Rxe8+ Rxe8 23. Bxc7 Bf5 24. d6 f6 25. c6 1-0

[Event "XX Coppa Europa a squadre ICSC"]
[Site "Liverpool ENG"]
[Date "2011.06.12"]
[Round "7"]
[White "Gardner, Phillip K."]
[Black "Felluga, Bruno"]
[Result "1-0"]
[WhiteElo "1827"]
[BlackElo "1470"]
[PlyCount "61"]
[EventDate "2011.06.09"]

1. e4 c5 2. c3 d6 3. d4 cxd4 4. cxd4 e6 5. Nf3 Nf6 6. Nc3 Be7 7. Bc4 O-O 8. O-O
a6 9. a4 Nxe4 10. Nxe4 d5 11. Bd3 dxe4 12. Bxe4 f5 13. Bc2 Nc6 14. Bf4 g5 15.
Be5 g4 16. Ne1 Bd7 17. Bb3 Bf6 18. Bd6 Rf7 19. d5 Nd4 20. dxe6 Bxe6 21. Bxe6
Nxe6 22. Ba3 Rd7 23. Qb3 Kf7 24. Nc2 Be7 25. Rfe1 Rd5 26. Rxe6 Kxe6 27. Re1+
Kf6 28. Bxe7+ Qxe7 29. Rxe7 Rd1+ 30. Re1 Rdd8 31. Kf1 1-0

[Event "Torneo di Marzo 2011"]
[Site "Crotone ITA"]
[Date "2011.06.17"]
[Round "1"]
[White "Levato, Biagio"]
[Black "Mano, Vincenzo"]
[Result "1-0"]
[WhiteElo "1544"]
[BlackElo "1940"]
[PlyCount "64"]
[EventDate "2011.06.17"]

1. d4 d5 2. e4 e6 3. f3 Ne7 4. Nc3 Ng6 5. Bd3 c5 6. exd5 cxd4 7. Bb5+ Bd7 8.
Qxd4 a6 9. Bd3 Qh4+ 10. Qxh4 Nxh4 11. g3 Ng6 12. dxe6 Bxe6 13. Be4 Nc6 14. Nge2
Bc5 15. Bd2 Nge5 16. Nf4 Rd8 17. Nxe6 fxe6 18. O-O-O b5 19. Rhf1 O-O 20. f4 Ng4
21. Bxc6 Nf2 22. Ne4 Nxe4 23. Bxe4 g6 24. Bc3 Kf7 25. Be5 a5 26. Bc7 Rxd1+ 27.
Rxd1 Kf6 28. Be5+ Ke7 29. Bc6 Rc8 30. Rd7+ Kf8 31. Bxb5 Be3+ 32. Kd1 Rc5 1-0

[Event "Torneo di Marzo 2011"]
[Site "Crotone ITA"]
[Date "2011.06.17"]
[Round "1"]
[White "Morelli, Gaetano"]
[Black "Scerra, Ezio"]
[Result "1-0"]
[WhiteElo "1840"]
[BlackElo "1509"]
[PlyCount "69"]
[EventDate "2011.06.17"]

1. e4 d5 2. exd5 Qxd5 3. Nc3 Qe5+ 4. Be2 Bg4 5. d4 Bxe2 6. Ngxe2 Qa5 7. d5 Nf6
8. Bg5 Nbd7 9. O-O h6 10. Bh4 c6 11. dxc6 bxc6 12. Nd4 Qc7 13. Re1 Nd5 14. Nxd5
cxd5 15. Bxe7 Bxe7 16. Nf5 Nf6 17. Nxe7 Qxe7 18. Rxe7+ Kxe7 19. Qe2+ Kf8 20.
Qa6 Kg8 21. Qb7 Kh7 22. Qxf7 Rhe8 23. Kf1 Rad8 24. Qxa7 Rd7 25. Qd4 Rde7 26. f3
Rc7 27. a4 Kh8 28. Qd3 Rec8 29. a5 Rxc2 30. a6 R2c7 31. a7 Ra8 32. Qd4 Ne8 33.
Qxd5 Raxa7 34. Rxa7 Rxa7 35. Qd8 1-0

[Event "Torneo di Marzo 2011"]
[Site "Crotone ITA"]
[Date "2011.06.18"]
[Round "2"]
[White "Grano, Giuseppe"]
[Black "Morelli, Gaetano"]
[Result "0-1"]
[WhiteElo "1655"]
[BlackElo "1840"]
[PlyCount "89"]
[EventDate "2011.06.17"]

1. e4 e5 2. Nf3 Nc6 3. Bc4 Bc5 4. O-O Nf6 5. Ng5 O-O 6. d3 d6 7. h3 a6 8. Be3
b5 9. Bb3 Nd4 10. Bxd4 Bxd4 11. c3 Bb6 12. Kh1 h6 13. Nf3 Nh5 14. Nxe5 dxe5 15.
Qxh5 Qxd3 16. Na3 Qxe4 17. Rae1 Qc6 18. Rxe5 Qf6 19. Re2 Bf5 20. Qf3 Qg6 21.
Re5 Bd7 22. Bd5 Rae8 23. Rfe1 Rxe5 24. Rxe5 Qd6 25. Re1 c6 26. Bb3 Bc7 27. Qg3
Qxg3 28. fxg3 Bxg3 29. Re7 Be6 30. Kg1 Bd6 31. Ra7 Bc5+ 32. Kf1 Bxa7 33. c4 Rd8
34. Ke2 Bc5 35. Nb1 Bxc4+ 36. Bxc4 bxc4 37. Nd2 Rxd2+ 38. Kxd2 Bd4 39. Kc2 f5
40. a4 f4 41. b3 cxb3+ 42. Kxb3 g5 43. Kc4 Bb6 44. Kd3 Kf7 45. Ke4 0-1

[Event "Torneo di Marzo 2011"]
[Site "Crotone ITA"]
[Date "2011.06.18"]
[Round "2"]
[White "Proietto, Francesco"]
[Black "Manfredi, Candido"]
[Result "0-1"]
[WhiteElo "1431"]
[BlackElo "1707"]
[PlyCount "51"]
[EventDate "2011.06.17"]

1. e4 c5 2. d4 cxd4 3. Qxd4 Nc6 4. Qc3 e6 5. Nf3 Bb4 6. Qxb4 Nxb4 7. Na3 Nf6 8.
Bg5 Nc6 9. Bxf6 Qxf6 10. Nc4 O-O 11. e5 Qd8 12. O-O-O a6 13. a4 b5 14. axb5
axb5 15. Nd6 Ra1+ 16. Kd2 Qa5+ 17. c3 b4 18. Rxa1 Qxa1 19. Kc2 bxc3 20. Kxc3
Qa5+ 21. Kc2 Nxe5 22. Ng5 Qc5+ 23. Kd1 Qxd6+ 24. Kc1 Nd3+ 25. Kb1 Ba6 26. Kc2
0-1

[Event "Torneo di Marzo 2011"]
[Site "Crotone ITA"]
[Date "2011.06.18"]
[Round "3"]
[White "Morelli, Gaetano"]
[Black "Manfredi, Candido"]
[Result "1-0"]
[WhiteElo "1840"]
[BlackElo "1707"]
[PlyCount "91"]
[EventDate "2011.06.17"]

1. e4 c5 2. Nf3 Nc6 3. d4 cxd4 4. Nxd4 e5 5. Nb5 a6 6. N5a3 Nf6 7. Bg5 Be7 8.
Bxf6 Bxf6 9. Bc4 b5 10. Bd5 Bb7 11. O-O O-O 12. Nd2 Na5 13. Nb3 Bxd5 14. Qxd5
Nxb3 15. axb3 Qc7 16. Nxb5 Qxc2 17. Nd6 Qc6 18. Qd3 Be7 19. Nf5 Bb4 20. Rfc1
Qb5 21. Qg3 g6 22. Ne3 Bd2 23. Nd5 Bf4 24. Nxf4 exf4 25. Qxf4 Qxb3 26. Qf6 Rfc8
27. Rxc8+ Rxc8 28. Qxa6 Rc2 29. Qf6 Qb7 30. b4 Qxe4 31. h3 Qc6 32. Qe5 f6 33.
Qb8+ Kg7 34. Re1 Qc8 35. Qd6 Rc1 36. Qe7+ Kg8 37. b5 Rxe1+ 38. Qxe1 Qc5 39.
Qe8+ Kg7 40. Qxd7+ Kh6 41. Qc6 Qb4 42. b6 Qe1+ 43. Kh2 Qe5+ 44. g3 f5 45. Qc1+
Kg7 46. Qc7+ 1-0

[Event "Torneo di Marzo 2011"]
[Site "Crotone ITA"]
[Date "2011.06.18"]
[Round "3"]
[White "Mano, Vincenzo"]
[Black "Olivo, Paolo"]
[Result "1-0"]
[WhiteElo "1940"]
[BlackElo "1833"]
[PlyCount "123"]
[EventDate "2011.06.17"]

1. d4 Nf6 2. c4 e6 3. a3 d5 4. Nc3 c5 5. Nf3 Nc6 6. e3 cxd4 7. exd4 dxc4 8.
Bxc4 Bd6 9. O-O a6 10. Ba2 O-O 11. Bg5 h6 12. Bxf6 Qxf6 13. d5 exd5 14. Bxd5
Bf5 15. Bxc6 bxc6 16. Qd4 Qe7 17. Rad1 Rfd8 18. Qh4 Qc7 19. h3 Rab8 20. Rd2 Be7
21. Rxd8+ Rxd8 22. Qa4 Bd3 23. Rc1 Qb6 24. b4 c5 25. Ne5 cxb4 26. axb4 Qxb4 27.
Qxb4 Bxb4 28. Nc6 Ba3 29. Rd1 Rc8 30. Rxd3 Rxc6 31. Ne4 Bb4 32. Rd8+ Kh7 33.
Rd7 Kg6 34. g4 f6 35. h4 Re6 36. h5+ Kh7 37. Ng3 Re7 38. Rd4 a5 39. Nf5 Rc7 40.
Kf1 Bc3 41. Ra4 Bb4 42. Ne3 Rc5 43. Ke2 g6 44. hxg6+ Kxg6 45. Kd3 Kg5 46. Ra1
Rc8 47. Ke4 Re8+ 48. Kf3 Rc8 49. Rd1 Rc3 50. Rd5+ Kg6 51. Rb5 Rb3 52. Ke4 a4
53. f4 Be7 54. Ra5 Rb4+ 55. Kf3 Rb3 56. Rxa4 Bc5 57. Re4 h5 58. gxh5+ Kxh5 59.
Ke2 Kg6 60. f5+ Kg5 61. Rg4+ Kh5 62. Rg3 1-0

[Event "Torneo di Marzo 2011"]
[Site "Crotone ITA"]
[Date "2011.06.18"]
[Round "3"]
[White "Levato, Biagio"]
[Black "Grano, Giuseppe"]
[Result "1-0"]
[WhiteElo "1544"]
[BlackElo "1655"]
[PlyCount "105"]
[EventDate "2011.06.17"]

1. d4 Nf6 2. f3 d5 3. Nc3 c6 4. e4 dxe4 5. fxe4 Bg4 6. Nf3 e6 7. h3 Bxf3 8.
Qxf3 Qxd4 9. Be3 Qb4 10. O-O-O e5 11. Bg5 Be7 12. a3 Qc5 13. Bxf6 Bxf6 14. Qg4
O-O 15. Bd3 Qe7 16. h4 Nd7 17. Bc4 Rad8 18. Ne2 Nb6 19. Ba2 Rxd1+ 20. Rxd1 Bxh4
21. Ng3 Qg5+ 22. Qxg5 Bxg5+ 23. Kb1 Rd8 24. Rf1 Bf6 25. c4 Na4 26. Nh5 Rd6 27.
g4 h6 28. Bb3 Nc5 29. Bc2 Bg5 30. b4 Nd7 31. c5 Rd4 32. Ng3 g6 33. Ne2 Rd2 34.
Nc1 a5 35. Nb3 Rg2 36. Nxa5 Rg3 37. Nc4 Be7 38. Rd1 Nf6 39. Nxe5 Rxa3 40. Nc4
Ra8 41. Bb3 Nxg4 42. e5 Nf2 43. Rd7 Re8 44. Nd6 Kf8 45. Bxf7 Rd8 46. e6 g5 47.
Rxb7 g4 48. Kc2 g3 49. Rxe7 g2 50. Rc7 g1=Q 51. e7+ Kg7 52. Nf5+ Kh7 53. exd8=Q
1-0

[Event "Torneo di Marzo 2011"]
[Site "Crotone ITA"]
[Date "2011.06.19"]
[Round "4"]
[White "Levato, Biagio"]
[Black "Morelli, Gaetano"]
[Result "0-1"]
[WhiteElo "1544"]
[BlackElo "1840"]
[PlyCount "40"]
[EventDate "2011.06.17"]

1. d4 d5 2. e4 dxe4 3. Nc3 e6 4. Nxe4 Nf6 5. Nxf6+ Qxf6 6. Nf3 h6 7. Bc4 Bd6 8.
Bd2 Nd7 9. Bc3 Nb6 10. Bb3 Nd5 11. Bd2 O-O 12. c4 Nf4 13. O-O b6 14. Bc3 Qg6
15. g3 Bb7 16. d5 exd5 17. cxd5 Ba6 18. Kh1 Be2 19. Nh4 Bxd1 20. Nxg6 Bf3+ 0-1

[Event "Torneo di Marzo 2011"]
[Site "Crotone ITA"]
[Date "2011.06.19"]
[Round "4"]
[White "Manfredi, Candido"]
[Black "Mano, Vincenzo"]
[Result "1-0"]
[WhiteElo "1707"]
[BlackElo "1940"]
[PlyCount "57"]
[EventDate "2011.06.17"]

1. e4 c5 2. Nf3 d6 3. c3 Nf6 4. e5 Nfd7 5. d4 d5 6. Bd3 e6 7. Ng5 cxd4 8. cxd4
Bb4+ 9. Nc3 h6 10. Qh5 Qe7 11. Nxf7 Rg8 12. Nxh6+ Kf8 13. Nxg8 Kxg8 14. Qh7+
Kf8 15. Bg6 Nf6 16. exf6 Qxf6 17. O-O Bd7 18. Be3 Ke7 19. a3 Ba5 20. Rfe1 Kd6
21. Rac1 Nc6 22. Nb5+ Ke7 23. Bh6 Bxe1 24. Rxe1 Rf8 25. f4 Qxg6 26. Qxg6 gxh6
27. Qxh6 a6 28. Nc3 Nxd4 29. Nxd5+ 1-0

[Event "Torneo di Marzo 2011"]
[Site "Crotone ITA"]
[Date "2011.06.19"]
[Round "4"]
[White "Scerra, Ezio"]
[Black "Proietto, Francesco"]
[Result "1-0"]
[WhiteElo "1509"]
[BlackElo "1431"]
[PlyCount "51"]
[EventDate "2011.06.17"]

1. Nf3 d5 2. c4 Nf6 3. cxd5 Nxd5 4. e3 Bg4 5. Be2 Bxf3 6. Bxf3 e6 7. O-O Bd6 8.
d4 O-O 9. e4 Bf4 10. exd5 Bxc1 11. dxe6 Bxb2 12. exf7+ Rxf7 13. Bxb7 Nd7 14.
Bd5 Bxa1 15. Bxf7+ Kxf7 16. Nc3 Bxc3 17. Qb3+ Kf8 18. Qxc3 Rc8 19. Qa3+ c5 20.
dxc5 Nxc5 21. g3 a6 22. Rc1 Qe7 23. h4 Nd3 24. Rxc8+ Kf7 25. Qxd3 Qb7 26. Qf5+
1-0

[Event "Torneo di Marzo 2011"]
[Site "Crotone ITA"]
[Date "2011.06.19"]
[Round "4"]
[White "Olivo, Paolo"]
[Black "Grano, Giuseppe"]
[Result "1/2-1/2"]
[WhiteElo "1833"]
[BlackElo "1655"]
[PlyCount "77"]
[EventDate "2011.06.17"]

1. d4 Nf6 2. c4 d5 3. Nc3 c6 4. Bg5 Nbd7 5. Nf3 g6 6. e3 Bg7 7. Bd3 O-O 8. O-O
Re8 9. e4 dxe4 10. Nxe4 Qc7 11. Re1 b6 12. Rc1 Nxe4 13. Bxe4 Bb7 14. Qd2 Rad8
15. d5 Ne5 16. Bf4 Nxf3+ 17. Bxf3 Qd7 18. Rcd1 c5 19. h3 h5 20. g4 Bc8 21. Be5
hxg4 22. hxg4 Qb7 23. Kg2 Qd7 24. Bxg7 Kxg7 25. Qc3+ f6 26. Rh1 Rh8 27. Qe3 Qd6
28. Rde1 Rxh1 29. Rxh1 Rh8 30. Rxh8 Kxh8 31. Qh6+ Kg8 32. Qxg6+ Kf8 33. Be4 f5
34. Qxd6 exd6 35. Bxf5 Ba6 36. b3 Kf7 37. f4 b5 38. Bd3 bxc4 39. bxc4 1/2-1/2

[Event "Torneo di Marzo 2011"]
[Site "Crotone ITA"]
[Date "2011.06.19"]
[Round "5"]
[White "Manfredi, Candido"]
[Black "Scerra, Ezio"]
[Result "1/2-1/2"]
[WhiteElo "1707"]
[BlackElo "1509"]
[PlyCount "58"]
[EventDate "2011.06.17"]

1. e4 d6 2. d4 Nf6 3. Bd3 Be6 4. Ne2 g6 5. f3 Bg7 6. c3 Qd7 7. d5 Bxd5 8. exd5
Nxd5 9. Bxg6 Nxc3 10. Bxf7+ Kxf7 11. Nbxc3 Nc6 12. Qd5+ e6 13. Qh5+ Kg8 14. O-O
a6 15. Qg4 Ne5 16. Qh3 h6 17. f4 Nf7 18. Qg4 Kh7 19. f5 Ne5 20. Qe4 exf5 21.
Rxf5 Ng6 22. Bd2 Rae8 23. Qxb7 Qxf5 24. Rf1 Qc5+ 25. Kh1 Rhf8 26. Rc1 Qf2 27.
Qd5 Rxe2 28. Nxe2 Qxe2 29. Rg1 Nf4 1/2-1/2

[Event "Torneo di Marzo 2011"]
[Site "Crotone ITA"]
[Date "2011.06.19"]
[Round "5"]
[White "Proietto, Francesco"]
[Black "Mano, Vincenzo"]
[Result "0-1"]
[WhiteElo "1431"]
[BlackElo "1940"]
[PlyCount "48"]
[EventDate "2011.06.17"]

1. e4 e6 2. d4 d5 3. Nc3 Bb4 4. Bd2 Ne7 5. Bd3 c5 6. Nge2 Nbc6 7. O-O cxd4 8.
Nb5 Bxd2 9. Qxd2 dxe4 10. Bxe4 e5 11. Rac1 O-O 12. c3 f5 13. Bxc6 bxc6 14. Na3
d3 15. Ng3 e4 16. f3 e3 17. Qxe3 f4 18. Qf2 fxg3 19. Qxg3 Ba6 20. c4 Qb6+ 21.
Kh1 Qxb2 22. Nb1 Qxa2 23. Nd2 Qxd2 24. Rf2 Qxc1+ 0-1

[Event "XXII C.to NATO"]
[Site "Kaunas LTU"]
[Date "2011.08.08"]
[Round "1"]
[White "Tommasini, Enzo"]
[Black "Steffers, Hendrik"]
[Result "1-0"]
[WhiteElo "2154"]
[BlackElo "1959"]
[PlyCount "57"]
[EventDate "2011.08.08"]

1. d4 d5 2. c4 e6 3. Nf3 Nf6 4. g3 c6 5. Bg2 Nbd7 6. Nbd2 Qa5 7. O-O Be7 8. Qc2
O-O 9. b3 Re8 10. Bb2 Ba3 11. h3 Bxb2 12. Qxb2 Qc7 13. Rac1 Nf8 14. Ne5 Qe7 15.
Rfd1 Bd7 16. e4 dxe4 17. Nxe4 Nxe4 18. Bxe4 Rad8 19. c5 Bc8 20. Nc4 Qg5 21. Nd6
Re7 22. h4 Qg4 23. Re1 Ng6 24. Qe2 Qxe2 25. Rxe2 Red7 26. Bxg6 hxg6 27. b4 e5
28. a4 exd4 29. Ra2 1-0

[Event "XXII C.to NATO"]
[Site "Kaunas LTU"]
[Date "2011.08.09"]
[Round "2"]
[White "Malloni, Marcello"]
[Black "Narman, Gokhan"]
[Result "1-0"]
[WhiteElo "2293"]
[BlackElo "2057"]
[PlyCount "149"]
[EventDate "2011.08.08"]

1. d4 Nf6 2. c4 e6 3. Nc3 Bb4 4. e3 c5 5. Nge2 cxd4 6. exd4 d5 7. c5 Ne4 8. Bd2
Nxd2 9. Qxd2 O-O 10. a3 Ba5 11. b4 Bc7 12. g3 Bd7 13. Bg2 Nc6 14. O-O Ne7 15.
Nc1 Nf5 16. Nb3 h5 17. a4 Qf6 18. b5 g6 19. a5 Rac8 20. a6 b6 21. c6 Be8 22.
Rfe1 Kg7 23. Rad1 Kh8 24. f4 Rd8 25. Na1 Nh6 26. h4 Nf5 27. Qf2 Kh7 28. Nc2 Rg8
29. Rf1 Qe7 30. Rd3 f6 31. Ne3 Bf7 32. Kh1 Qd6 33. Bh3 Qb4 34. Nc2 Qd6 35. Ne3
Rde8 36. Re1 Ref8 37. Nxf5 gxf5 38. Qb2 Rg7 39. Ne2 Rfg8 40. Qa3 Qd8 41. Re3
Re8 42. Qd3 Bg6 43. Nc3 Rge7 44. Bg2 Qd6 45. Qe2 Bd8 46. Bf3 Kh6 47. Qd2 Kg7
48. Kg2 Bf7 49. Qe2 Kh6 50. Kh1 Bg6 51. Qd2 Kg7 52. R1e2 Kf7 53. Kg2 Kg7 54.
Kf2 Bf7 55. Ke1 Bc7 56. Kd1 Qb4 57. Ke1 Qd6 58. Kf1 Bd8 59. Re1 Bg6 60. Nd1 Bf7
61. Kg2 Kh6 62. Nf2 Rg8 63. Nd3 Ree8 64. Kf2 Rg7 65. Qb4 Qxb4 66. Nxb4 Reg8 67.
Rxe6 Bxe6 68. Rxe6 Rxg3 69. Nxd5 Rh3 70. Nxf6 Rh2+ 71. Ke3 Rg6 72. Ng8+ Kh7 73.
Nf6+ Rxf6 74. Rxf6 Bxf6 75. c7 1-0

[Event "XXII C.to NATO"]
[Site "Kaunas LTU"]
[Date "2011.08.09"]
[Round "3"]
[White "Tucker, David Sidney"]
[Black "Malloni, Marcello"]
[Result "0-1"]
[WhiteElo "2096"]
[BlackElo "2293"]
[PlyCount "87"]
[EventDate "2011.08.08"]

1. e4 e5 2. Nf3 Nc6 3. Bb5 Nf6 4. O-O Nxe4 5. Re1 Nd6 6. Nxe5 Be7 7. Bd3 Nxe5
8. Rxe5 O-O 9. Nc3 Ne8 10. b3 Bf6 11. Re1 c6 12. Ba3 d6 13. Rb1 Be6 14. Ne4 Be7
15. Ng3 d5 16. Bxe7 Qxe7 17. a4 a5 18. c4 Nf6 19. cxd5 Nxd5 20. Bf5 Nc7 21. Qg4
g6 22. b4 axb4 23. Bxe6 Nxe6 24. Rxb4 Rfd8 25. Nf1 Ra5 26. Reb1 Rd7 27. Qg3
Rad5 28. Qb8+ Nd8 29. Qg3 Rd3 30. Qf4 Kg7 31. h3 R3d5 32. Qf3 Ne6 33. Qg3 Kg8
34. Qb8+ Nd8 35. Qg3 Rd3 36. Qf4 Kg7 37. Qb8 Qf6 38. Qf4 Qxf4 39. Rxf4 R7d4 40.
Rxd4 Rxd4 41. Re1 Ne6 42. a5 Nc5 43. f3 Kf6 44. Kf2 0-1

[Event "XXII C.to NATO"]
[Site "Kaunas LTU"]
[Date "2011.08.11"]
[Round "6"]
[White "Tommasini, Enzo"]
[Black "Pedersen, Finn"]
[Result "0-1"]
[WhiteElo "2154"]
[BlackElo "2279"]
[PlyCount "88"]
[EventDate "2011.08.08"]

1. d4 d5 2. c4 c6 3. Nf3 Nf6 4. e3 Bf5 5. Nc3 e6 6. Bd3 Bxd3 7. Qxd3 Nbd7 8.
O-O Be7 9. Rd1 O-O 10. e4 dxe4 11. Nxe4 Qc7 12. Bg5 Rad8 13. Nxf6+ Nxf6 14. Qe2
h6 15. Bh4 c5 16. h3 cxd4 17. Nxd4 Qc5 18. Nc2 a6 19. b4 Qc8 20. a3 Rxd1+ 21.
Rxd1 Rd8 22. Rxd8+ Qxd8 23. Bg3 a5 24. Be5 axb4 25. axb4 Qd7 26. f3 Qa4 27. Qd2
Qb3 28. Qc3 Qb1+ 29. Kf2 h5 30. Qb2 Qd1 31. Ne3 Qd3 32. c5 Kf8 33. g3 h4 34.
Bd4 Nh5 35. b5 e5 36. Bxe5 Bxc5 37. Qe2 Qd5 38. Qb2 f6 39. Bc7 Bxe3+ 40. Kxe3
Qc5+ 41. Qd4 Qxc7 42. Qb4+ Qe7+ 43. Qxe7+ Kxe7 44. g4 Ng3 0-1

[Event "C.to Unione Europea U12"]
[Site "Mureck AUT"]
[Date "2011.08.04"]
[Round "2"]
[White "Decrop, Hendrik"]
[Black "Fox, Jonas"]
[Result "1/2-1/2"]
[WhiteElo "1833"]
[BlackElo "1550"]
[PlyCount "99"]
[EventDate "2011.08.03"]

1. e4 c5 2. Nf3 d6 3. Bb5+ Bd7 4. Bxd7+ Qxd7 5. c4 Nc6 6. Nc3 e6 7. d4 cxd4 8.
Nxd4 Nf6 9. O-O Be7 10. Re1 O-O 11. Bg5 a6 12. Qd2 Qc7 13. Kh1 Rac8 14. f4 Rfd8
15. Nxc6 Qxc6 16. b3 b5 17. a3 bxc4 18. bxc4 Kf8 19. Rac1 Ng8 20. Bxe7+ Nxe7
21. Na2 Qa4 22. Qd3 Ng6 23. Rf1 Rb8 24. Rc3 a5 25. f5 Ne5 26. Qh3 h6 27. fxe6
f6 28. Qg3 Rb7 29. Rb3 Qxb3 30. e7+ Ke8 31. exd8=Q+ Kxd8 32. Qf2 Qxc4 33. Rd1
Ke7 34. Qd2 Nd3 35. Nc1 Nxc1 36. Rxc1 Qb3 37. Qxa5 Qe3 38. Re1 Qd3 39. h3 Qd4
40. Rc1 Ke6 41. Qa6 Qxe4 42. a4 Rb2 43. Qc8+ Kf7 44. Qd7+ Qe7 45. Qc6 Re2 46.
Qc4+ Qe6 47. Qc7+ Kg6 48. Qc3 Qe3 49. Qxe3 Rxe3 50. Ra1 1/2-1/2